Statistiken für Anschlussstellen der BAB 30

Klicken Sie hier um das Quiz zu spielen!

Allgemein

  • Dieses Quiz wurde 14 mal gespielt
  • Das Durchschnittsergebnis liegt bei 23 aus 35

Antwortstatistiken

BundeslandAS-Nr.Anschlussstelle% Korrekt
Nordrhein-Westfalen14Kreuz Lotte/Osnabrück
100%
Niedersachsen19Kreuz Osnabrück-Süd
92%
Niedersachsen16Osnabrück-Hellern
92%
Niedersachsen18Osnabrück-Nahne
92%
Niedersachsen17Osnabrück-Sutthausen
92%
Nordrhein-Westfalen13Lotte
85%
Nordrhein-Westfalen32Bad Oeynhausen-Nord
77%
Nordrhein-Westfalen34Bad Oeynhausen-Ost
77%
Nordrhein-Westfalen35Kreuz Bad Oeynhausen
77%
Niedersachsen24Melle-Ost
77%
Niedersachsen23Melle-West
77%
Nordrhein-Westfalen8Rheine
77%
Nordrhein-Westfalen9Rheine-Kanalhafen
77%
Niedersachsen7Rheine-Nord
77%
Nordrhein-Westfalen27Bünde
69%
Nordrhein-Westfalen11bIbbenbüren
69%
Nordrhein-Westfalen11aIbbenbüren-West
69%
Nordrhein-Westfalen30Löhne
69%
Nordrhein-Westfalen26Bruchmühlen
54%
Niedersachsen2Gildehaus
54%
Nordrhein-Westfalen31Gohfeld
54%
Nordrhein-Westfalen28Hiddenhausen
54%
Nordrhein-Westfalen10Hörstel
54%
Nordrhein-Westfalen29Kirchlengern
54%
Niedersachsen5Kreuz Schüttorf
54%
Niedersachsen3Nordhorn/Bad Bentheim
54%
Niedersachsen6Salzbergen
54%
Niedersachsen4Schüttorf-Nord
54%
Niedersachsen21Bissendorf
46%
Nordrhein-Westfalen33Dehme
46%
Niedersachsen22Gesmold
46%
Niedersachsen15Hasbergen-Gaste
46%
Nordrhein-Westfalen12Laggenbeck
46%
Niedersachsen20Natbergen
46%
Niedersachsen25Riemsloh
46%

Verteilung der Resultate

Perzentil nach korrekt beantworteten Fragen

Anzahl Personen mit jedem Resultat

Ihre Resultats-Entwicklung

Sie haben dieses Quiz noch nicht gespielt